000 00284nam a22001337a 4500
008 170216b xxu||||| |||| 00| 0 eng d
020 _a9996058190
041 _aeng
080 _29ED
_a61
100 _a4
101 _aSHM
245 _aMEDICAL ASSISTANT
_cPROCTOR.B
942 _2udc
_cBK
999 _c5674
_d5674